Cifras sobre producción industrial: 1957-1977
Ofrece información estadística del sector industrial en Costa Rica 1957-1977. Contiene datos sobre la producción industrial en los siguientes campos. Valor bruto por actividad, tasas porcentuales de participación y de crecimiento, valor agregado por grupos y por divisiones, tasas porcentuales de par...
Uloženo v:
| Korporativní autor: | |
|---|---|
| Médium: | Text |
| Vydáno: |
San José:
BCCR. Departamento de Investigaciones y Estadística
|
| Témata: | |
| Tagy: |
Přidat tag
Žádné tagy, Buďte první, kdo vytvoří štítek k tomuto záznamu!
|
MARC
| LEADER | 00000 a a2200000 04500 | ||
|---|---|---|---|
| 001 | 20219 | ||
| 003 | |||
| 040 | |||
| 090 | |a 083500 | ||
| 110 | |a Banco Central de Costa Rica. Departamento de Investigaciones y Estadística | ||
| 245 | |a Cifras sobre producción industrial: 1957-1977 | ||
| 260 | |a San José: |b BCCR. Departamento de Investigaciones y Estadística | ||
| 300 | |a 43 p. | ||
| 520 | |a Ofrece información estadística del sector industrial en Costa Rica 1957-1977. Contiene datos sobre la producción industrial en los siguientes campos. Valor bruto por actividad, tasas porcentuales de participación y de crecimiento, valor agregado por grupos y por divisiones, tasas porcentuales de participación y crecimiento dentro del valor agregado. Informa sobre remuneraciones los empleados de este sector./ACM | ||
| 650 | |a COSTA RICA | ||
| 650 | |a SECTOR INDUSTRIAL | ||
| 650 | |a VALOR AGREGADO | ||
| 650 | |a CUADROS ESTADISTICOS | ||
| 650 | |a ESTADISTICAS INDUSTRIALES | ||
| 999 | |c 12735 |d 12735 | ||
